Statistics for Brawl Stars Brawlers

Click here to take the quiz!

General Stats

  • This quiz has been taken 28 times
    (17 since last reset)
  • The average score is 35 of 47

Answer Stats

RarityInfoBrawler% Correct
Trophy Road* fires an accurate burst of bullets from his dual revolvers. His Super shreds cover and extends the bullet barrage!Colt
100%
Trophy Road* strikes her enemies with a thunderous shockwave. Her Super summons a massive bear to fight by her side!Nita
100%
Starting Brawler*'s spread-fire shotgun blasts the other team with buckshot. Her super destroys cover and keeps her opponents at a distance!Shelly
100%
Epic*'s sniper shots do more damage the farther they travel. Her Super drops grenades at her feet, while * herself leaps away!Piper
93%
Rare* attacks by lobbing bottles at enemies, doing splash damage. His Super is a huge barrage of burning bottles!Barley
86%
EpicBatter up! *'s got a sweet swing that can knock back enemies when her Home Run bar is charged. Her Super is a bouncing ball of gum that deals damage.Bibi
86%
Trophy Road* fires three explosive arrows toward his targets. His Super ability places a trio of hidden, explosive mines on the ground!Bo
86%
Trophy Road* deals massive damage up close with his shotgun. For his Super move, he charges through barriers and knocks back enemies!Bull
86%
Super Rare* has a powerful double-shotgun attack. His Super move is a reckless roll inside his bouncy barrel!Darryl
86%
Legendary* has always been a firebug. She loves to light up the world and any opponents that come at her!Amber
79%
Epic* loves bugs and hugs. She shoots her mechanical drones at range, and her Super sends forth an angry army of swarming bees!Bea
79%
Trophy Road* fires a long-range, explosive rocket at enemies. His Super is a ballistic rocket barrage that destroys cover!Brock
79%
Super Rare* throws his Pickaxe like a boomerang. His Super is a crazy cart spin that clobbers anyone around him.Carl
79%
Rare* throws a flurry of punches at his enemies. His Super is a leaping elbow drop that deals damage to all caught underneath!El Primo
79%
Trophy Road* attacks with blasts of hair spray that deal damage over time, and slows down opponents with her Super.Emz
79%
Trophy Road*'s Shock Rifle shoots energy orbs that bounce between enemies. Her Super deploys a cute but deadly gun turret!Jessie
79%
Legendary* shoots a quick salvo of blades at his target. His Super trick is a smoke bomb that makes him invisible for a little while!Leon
79%
Mythic* goes fast! Her attack is a fast-firing blaster. Her Super speeds up her and allies!Max
79%
Epic* shoots from the hip, peppering targets with shrapnel. Her Super is a healing turret that restores her and teammates' health!Pam
79%
Super Rare* shoots bags of coins, damaging the target and anyone standing behind. Her Super is a mortar-style cannon turret!Penny
79%
Rare* fires damaging sound waves at enemies. His Super can heal both * himself and his teammates!Poco
79%
Super Rare* fires a burst of bullets that bounce off walls. His Super burst is a long barrage of bouncy bullets that pierce targets!Rico
79%
RareThis boxing botanist will plant her feet and go toe to toe! Her Super gives her tough, vegan protective gear.Rosa
79%
Trophy Road* is a stunt driver extraordinaire with gasoline in his veins! He makes a big entrance, burning serious rubber all over the stage.Stu
79%
ChromaticHe's a Protector with a penchant for parties. * attacks foes with energy drink blasts that split in 2 on contact. His Super upgrades his stats in 3 stages and comes complete with totally awesome Body mods!Surge
79%
Mythic*'s triple tarot card attack pierces through enemies. Her Super is a black hole that sucks in all nearby enemies, causing damage!Tara
79%
Trophy Road* lumbers along like an arcade cabinet on legs. He shoots Blaster Beams and his Super boosts friendlies' damage!8-Bit
71%
Chromatic* is going to get you! She taxes opponents' health and has fancy moves to boot.Colette
71%
Legendary* fires a trio of poisoned daggers. As a Super move he leaps, firing daggers both on jump and on landing!Crow
71%
Trophy Road* lobs two explosive sticks of dynamite. His Super attack is a whole barrel full of dynamite that blows up cover!Dynamike
71%
EpicLet's face it, this is an angry kid. He also loves parkour.Edgar
71%
Epic* swings his hammer at enemies, sending a shockwave. His Super is an especially powerful blow that stuns enemies!Frank
71%
Chromatic* is a tireless handyman who gets no rest. With his blower, he blasts foes with a wide shot of wind and snow, while his Super pushes them back with a forceful blizzard!Gale
71%
Super Rare* works her Jackhammer to shake up the ground and nearby enemies. Her Super pulls in nearby foes, leaving them in the dust!Jacky
71%
Mythic* dashes forward with each swing of his shovel. As his Super attack, he sends a cloud of bats to damage enemies and heal himself!Mortis
71%
Legendary* throws cactus grenades that send needles flying, and a show-stopping Super: a field of cactus spines that slows down and damages enemies!Spike
71%
Trophy Road* is a metal ball of barely controlled excitement and energy - explosive energy! He throws mines, and his Super makes his head detach, seek a target and explode.Tick
71%
Mythic* uses his magic lamp to shoot a splitting projectile. His super is a magical hand that grabs and pulls enemies close!Gene
64%
Legendary* is a sleep-deprived Brawler with powerful control over sand: casting sharp pebbles at enemies, and summoning a sandstorm to hide teammates.Sandy
64%
Mythic* was built to plant life, launching bouncy Seed Bombs with reckless love. Its Super creates a plant-based obstacle!Sprout
64%
Chromatic* inspires adoration in her gang, while her Electro-Rifle brings shock and awe to any opponent!Belle
57%
Mythic* is a disgruntled luggage handler who angrily hurls suitcases at opponents. His Super calls robo-porters to help him.Mr.P
57%
Epic* loves her friends and looks over them with a watchful lens. She handles threats with angled shots, and her Super allows * to commandeer her pal Peep, who goes out with a bang!Nani
57%
Chromatic* is a cool guy, literally! He can dole out all kinds of chill stuff. But watch your step on the ice, and be careful not to get brain freeze!Lou
50%
Mythic* deals with potent medicaments, but never call him a snake oil salesman!Byron
43%
Chromatic* fires twin shots of lasers that bounce off walls. His Super is a supply drop that can damage enemies in the drop zone and leaves a power up for your team to use.Colonel Ruffs
43%
MythicAs *'s accidental creation, * was born to play fetch!Squeak
43%

Score Distribution

Percentile by Number Answered

Percent of People with Each Score

Your Score History

You have not taken this quiz since the last reset